[Event "Muensterland Verbandsklasse-A 0809"]
[Site "Germany"]
[Date "2008.11.08"]
[Round "3.8"]
[White "Stening, Thomas"]
[Black "Luft, Waldemar"]
[Result "0-1"]
[WhiteElo "1350"]
[BlackElo "1873"]
[PlyCount "38"]
[EventDate "2008.09.13"]
[EventType "tourn"]
[EventRounds "9"]
[EventCountry "GER"]
[SourceTitle "EXT 2010"]
[Source "ChessBase"]
[SourceDate "2010.11.25"]
[SourceVersion "1"]
[SourceVersionDate "2010.11.25"]
[SourceQuality "1"]
[WhiteTeam "Metelen"]
[BlackTeam "Nienberge"]
[WhiteTeamCountry "GER"]
[BlackTeamCountry "GER"]

1. f4 c5 2. e3 b6 3. Nf3 Bb7 4. Be2 Nf6 5. b3 e6 6. Bb2 Be7 7. 0-0 d6 8. Nc3 Nbd7 9. Bd3 Rc8 10. Qe2 d5 11. Bb5 Qc7 12. Ne5 0-0 13. Bxd7 Nxd7 14. Nxd7 Qxd7 15. Qg4 f5 16. Qf3 Rf6 17. Ne2 Rg6 18. Qf2 d4 19. exd4 Rxg2+ 0-1